Countries Without the Letters 'A' and 'E' - Statistics

General Stats
  • This quiz has been taken 36 times
  • The average score is 5 of 8
Answer Stats
Answer % Correct
Fiji
84%
Togo
75%
Morocco
69%
Comoros
63%
Cyprus
63%
Djibouti
59%
Kosovo
53%
Burundi
50%
No matching quizzes found
Score Distribution
Percent of People with Each Score
Percentile by Number Answered
Your Score History
You have not taken this quiz